Every 100,000+ City in Turkmenistan in Order - Statistics

General Stats
  • This quiz has been taken 21 times
    6 since last reset
  • The average score is 5 of 7
Answer Stats
Letter Population City % Correct
A 1,091,815 Ashgabat
100%
B 108,445 Balkanabat
100%
M 327,820 Mary
100%
T 285,019 Türkmenabat
100%
D 473,927 Daşoguz
75%
A 114,204 Annau
25%
K 110,615 Kerki
25%
No matching quizzes found
Score Distribution
Percent of People with Each Score
Percentile by Number Answered
Your Score History
You have not taken this quiz since the last reset